[Event "Verden op-B"]
[Site "Verden"]
[Date "2023.01.05"]
[Round "2"]
[White "Falke, Philipp"]
[Black "Scholz, Tom"]
[Result "0-1"]
[WhiteElo "1494"]
[BlackElo "1722"]
[PlyCount "36"]
[EventDate "2023.01.05"]
[EventType "swiss"]
[EventRounds "7"]
[EventCountry "GER"]
[SourceTitle "CBM 212 Extra"]
[Source "ChessBase"]
[SourceDate "2023.03.31"]
[SourceVersion "1"]
[SourceVersionDate "2023.03.31"]
[SourceQuality "1"]

1. e4 c6 2. d4 d5 3. f3 dxe4 4. fxe4 Qb6 5. Nf3 Bg4 6. c3 e5 7. Bc4 f6 8. dxe5 Nd7 9. exf6 Ngxf6 10. Qe2 0-0-0 11. Be3 Bc5 12. Bf4 Rhe8 13. e5 Nh5 14. g3 Nxe5 15. Bxe5 Bxf3 16. Qxf3 Rxe5+ 17. Be2 Qxb2 18. Qg4+ Kb8 0-1

[Event "Hannover Bezirk-ch U18"]
[Site "Lehrte"]
[Date "2017.10.31"]
[Round "7.3"]
[White "Scholz, Tom"]
[Black "Brockmeyer, Tobias"]
[Result "1/2-1/2"]
[WhiteElo "1404"]
[BlackElo "1588"]
[PlyCount "72"]
[EventDate "2017.10.28"]
[EventType "tourn"]
[EventRounds "7"]
[EventCountry "GER"]
[SourceTitle "EXT 2022"]
[Source "ChessBase"]
[SourceDate "2021.10.06"]
[SourceVersion "1"]
[SourceVersionDate "2021.10.06"]
[SourceQuality "1"]

1. e4 e6 2. d4 d5 3. e5 c5 4. c3 Nc6 5. Nf3 Bd7 6. a3 c4 7. b4 cxb3 8. Qxb3 Na5 9. Qc2 Qc7 10. Bb2 Ne7 11. Bd3 h6 12. Nbd2 Nc8 13. c4 dxc4 14. Nxc4 Nxc4 15. Qxc4 Qxc4 16. Bxc4 Nb6 17. Bd3 Bc6 18. Be2 Na4 19. Bc1 Rc8 20. Bd2 Nb6 21. 0-0 Nd5 22. Rfc1 Kd7 23. Ne1 Be7 24. Nd3 Bd8 25. Nc5+ Ke7 26. Bb4 Nxb4 27. axb4 Bb6 28. f3 Rhd8 29. Rd1 Bxc5 30. dxc5 a6 31. Kf2 Rxd1 32. Rxd1 Bd5 33. g3 a5 34. bxa5 Rxc5 35. Ra1 Rc2 36. Kf1 Bc4 1/2-1/2

[Event "Hannover Bezirk-ch U18"]
[Site "Lehrte"]
[Date "2017.10.28"]
[Round "2.2"]
[White "Scholz, Tom"]
[Black "Yang, Markus"]
[Result "1-0"]
[WhiteElo "1404"]
[BlackElo "1505"]
[PlyCount "121"]
[EventDate "2017.10.28"]
[EventType "tourn"]
[EventRounds "7"]
[EventCountry "GER"]
[SourceTitle "EXT 2022"]
[Source "ChessBase"]
[SourceDate "2021.10.06"]
[SourceVersion "1"]
[SourceVersionDate "2021.10.06"]
[SourceQuality "1"]

1. e4 e6 2. d4 d5 3. e5 c5 4. c3 Qb6 5. Nf3 Nc6 6. Qc2 cxd4 7. cxd4 Nxd4 8. Nxd4 Qxd4 9. Bb5+ Bd7 10. Bxd7+ Kxd7 11. Qe2 Bb4+ 12. Nd2 Bxd2+ 13. Bxd2 Qxb2 14. 0-0 b6 15. Rfb1 Qc2 16. Qb5+ Qc6 17. Qb4 Ne7 18. Rc1 Qb7 19. Qd6+ Ke8 20. Rc7 Qxc7 21. Qxc7 Rc8 22. Qxa7 Nc6 23. Qxb6 Kd7 24. Qb7+ Rc7 25. Qb5 Rb8 26. Qa4 Ke8 27. Rc1 Kd7 28. Qf4 Ke8 29. g3 Ra8 30. Ra1 Kf8 31. Bb4+ Kg8 32. Bd6 Rca7 33. a3 Na5 34. h4 Nc4 35. h5 h6 36. g4 Ra4 37. Qg3 Nd2 38. Bb4 Rxb4 39. axb4 Rxa1+ 40. Kg2 Ne4 41. Qb3 d4 42. b5 Nc3 43. Qc4 Ra4 44. Qc8+ Kh7 45. b6 Rb4 46. b7 d3 47. Qxc3 Rxb7 48. Qxd3+ Kg8 49. f4 Ra7 50. Qg3 Ra2+ 51. Kh3 Ra4 52. f5 exf5 53. gxf5 Kf8 54. f6 g5 55. hxg6 fxg6 56. Qxg6 Ra3+ 57. Kh4 Ra4+ 58. Kh5 Ra7 59. Qxh6+ Kg8 60. e6 Re7 61. f7+ 1-0

[Event "Hannover-ch U16"]
[Site "Lehrte"]
[Date "2016.10.02"]
[Round "4"]
[White "Meiwes, Thore"]
[Black "Scholz, Tom"]
[Result "1-0"]
[WhiteElo "1519"]
[BlackElo "1345"]
[PlyCount "81"]
[EventDate "2016.10.01"]
[EventType "tourn"]
[EventRounds "7"]
[EventCountry "GER"]
[SourceTitle "EXT 2020"]
[Source "ChessBase"]
[SourceDate "2019.10.17"]
[SourceVersion "1"]
[SourceVersionDate "2019.10.17"]
[SourceQuality "1"]

1. c4 e5 2. g3 Nf6 3. Nc3 Nc6 4. Bg2 Bc5 5. e4 d6 6. Nge2 Be6 7. d3 Nd4 8. 0-0 0-0 9. h3 Qd7 10. Kh2 c6 11. f4 exf4 12. Nxf4 Rae8 13. Nxe6 Qxe6 14. Rb1 a5 15. a3 Rb8 16. b4 axb4 17. axb4 Ba7 18. b5 cxb5 19. Nxb5 Bc5 20. Nxd4 Bxd4 21. Bb2 Bxb2 22. Rxb2 b6 23. Qb1 Nd7 24. Bf3 Qg6 25. Rb5 Rfd8 26. Bh5 Qh6 27. Bxf7+ Kh8 28. Rf4 Ne5 29. Bd5 Rdc8 30. d4 Ng6 31. Rf2 Qe3 32. Qb2 Ne7 33. Be6 Rc6 34. d5 Qxe4 35. dxc6 Qxe6 36. Re2 Qf7 37. Rxb6 Rc8 38. Rb8 Rxb8 39. Qxb8+ Ng8 40. c7 Qf1 41. Rg2 1-0

[Event "Hannover-ch U16"]
[Site "Lehrte"]
[Date "2016.10.01"]
[Round "2"]
[White "Ambrosius, Quint Rasmus"]
[Black "Scholz, Tom"]
[Result "0-1"]
[WhiteElo "721"]
[BlackElo "1345"]
[PlyCount "80"]
[EventDate "2016.10.01"]
[EventType "tourn"]
[EventRounds "7"]
[EventCountry "GER"]
[SourceTitle "EXT 2020"]
[Source "ChessBase"]
[SourceDate "2019.10.17"]
[SourceVersion "1"]
[SourceVersionDate "2019.10.17"]
[SourceQuality "1"]

1. e4 e5 2. Nf3 Nc6 3. Bc4 Bc5 4. d3 Nf6 5. Bg5 d6 6. Nc3 Bg4 7. h3 Be6 8. Bxe6 fxe6 9. 0-0 0-0 10. a3 Qd7 11. Bxf6 Rxf6 12. b4 Bb6 13. a4 Nxb4 14. a5 Bc5 15. Na4 Bd4 16. Nxd4 exd4 17. Qd2 Nc6 18. c3 dxc3 19. Nxc3 Nd4 20. Rab1 Rb8 21. a6 b5 22. Qe3 c5 23. Rfc1 b4 24. Ne2 Nxe2+ 25. Qxe2 Rb6 26. Ra1 Qb5 27. Qa2 b3 28. Qb2 Qxd3 29. Rc3 Qxe4 30. Rxb3 Rxb3 31. Qxb3 Qb4 32. Qd3 d5 33. Qg3 Qf4 34. Rb1 Qxg3 35. fxg3 g6 36. Rb8+ Kg7 37. Rb7+ Rf7 38. Rb8 c4 39. Re8 Kf6 40. h4 c3 0-1

[Event "Hannover-ch U16"]
[Site "Lehrte"]
[Date "2016.10.01"]
[Round "1"]
[White "Scholz, Tom"]
[Black "Albrecht, Dennis"]
[Result "1-0"]
[WhiteElo "1345"]
[BlackElo "956"]
[PlyCount "79"]
[EventDate "2016.10.01"]
[EventType "tourn"]
[EventRounds "7"]
[EventCountry "GER"]
[SourceTitle "EXT 2020"]
[Source "ChessBase"]
[SourceDate "2019.10.17"]
[SourceVersion "1"]
[SourceVersionDate "2019.10.17"]
[SourceQuality "1"]

1. e4 e5 2. Nf3 Nc6 3. Bb5 a6 4. Bc4 Bc5 5. Nc3 Nge7 6. d3 d6 7. Bg5 h6 8. Bh4 g5 9. Bg3 Be6 10. Bxe6 fxe6 11. Qe2 Qd7 12. 0-0 0-0-0 13. h3 Nd4 14. Nxd4 Bxd4 15. Qd2 Qc6 16. Rab1 Ng6 17. Ne2 Rhf8 18. c3 Bb6 19. b4 Nf4 20. Nxf4 exf4 21. Bh2 d5 22. exd5 Qxd5 23. Rfd1 e5 24. a4 c6 25. c4 Qd4 26. c5 Bc7 27. Qe2 Rf6 28. Rb3 e4 29. Kh1 f3 30. Qf1 Bxh2 31. Kxh2 fxg2 32. Kxg2 Rxf2+ 33. Qxf2 e3 34. Qf5+ Kb8 35. Re1 Re8 36. Rbb1 e2 37. Qf2 Qxd3 38. Qg3+ Qxg3+ 39. Kxg3 Re3+ 40. Kg2 1-0

[Event "GER-chT North U14"]
[Site "Magdeburg"]
[Date "2014.09.14"]
[Round "7.3"]
[White "Scholz, Tom"]
[Black "Schulz, Jannis"]
[Result "0-1"]
[WhiteElo "1296"]
[BlackElo "1074"]
[PlyCount "86"]
[EventDate "2014.09.11"]
[EventType "team-swiss"]
[EventRounds "7"]
[EventCountry "GER"]
[SourceTitle "EXT 2016"]
[Source "ChessBase"]
[SourceDate "2015.10.08"]
[SourceVersion "1"]
[SourceVersionDate "2015.10.08"]
[SourceQuality "1"]
[WhiteTeam "Laatzen"]
[BlackTeam "Berlin Eintracht"]
[WhiteTeamCountry "GER"]
[BlackTeamCountry "GER"]

1. e4 d5 2. exd5 Qxd5 3. Nc3 Qa5 4. Nf3 Nf6 5. Bc4 Bg4 6. 0-0 e6 7. h3 Bh5 8. d3 c6 9. Bg5 Bxf3 10. Qxf3 Qxg5 11. Rfe1 Be7 12. a3 0-0 13. Rad1 Nbd7 14. d4 Nb6 15. Bb3 Rad8 16. Ne4 Nxe4 17. Qxe4 Bd6 18. c3 Nd5 19. Bc2 Nf6 20. Qd3 a6 21. Re3 c5 22. Rf3 Qg6 23. Qe2 Qg5 24. Qd3 g6 25. g3 Be7 26. Qc4 b5 27. Qe2 cxd4 28. cxd4 Qh5 29. g4 Qh4 30. Qe3 Nd5 31. Qd3 Bg5 32. Bb3 Nf4 33. Qf1 Rd6 34. Kh2 Rfd8 35. Qe1 Rxd4 36. Rxd4 Rxd4 37. Qc3 Ne2 38. Qc7 Bf4+ 39. Rxf4 Nxf4 40. Qc3 Rd3 41. Qc8+ Kg7 42. Qc6 Qxh3+ 43. Kg1 Ne2# 0-1

[Event "GER-chT North U14"]
[Site "Magdeburg"]
[Date "2014.09.12"]
[Round "3.3"]
[White "Scholz, Tom"]
[Black "Bobenko, Konstantin"]
[Result "0-1"]
[WhiteElo "1296"]
[BlackElo "1338"]
[PlyCount "124"]
[EventDate "2014.09.11"]
[EventType "team-swiss"]
[EventRounds "7"]
[EventCountry "GER"]
[SourceTitle "EXT 2016"]
[Source "ChessBase"]
[SourceDate "2015.10.08"]
[SourceVersion "1"]
[SourceVersionDate "2015.10.08"]
[SourceQuality "1"]
[WhiteTeam "Laatzen"]
[BlackTeam "Potsdam Empor"]
[WhiteTeamCountry "GER"]
[BlackTeamCountry "GER"]

1. e4 e5 2. Nf3 Nf6 3. Nxe5 Qe7 4. Nf3 Nxe4 5. Be2 Nc6 6. d3 Nf6 7. 0-0 d6 8. Bg5 h6 9. Bh4 Be6 10. Nc3 a6 11. h3 Qd8 12. Re1 Be7 13. d4 Nd5 14. Bxe7 Ncxe7 15. Nxd5 Bxd5 16. c4 Bc6 17. d5 Bd7 18. Bd3 0-0 19. Qe2 Re8 20. Qc2 Qc8 21. Re3 c6 22. Rae1 Qd8 23. Qe2 Ng6 24. Bf5 Rxe3 25. Qxe3 Bxf5 26. Nd4 Bd7 27. dxc6 bxc6 28. b3 Qa5 29. Re2 Re8 30. Qf3 Rxe2 31. Qxe2 Ne5 32. f4 Ng6 33. g3 Qc5 34. Qd2 Ne7 35. Kg2 Nf5 36. Nxf5 Bxf5 37. Qe2 Qd4 38. g4 Be4+ 39. Kg3 Qd3+ 40. Qxd3 Bxd3 41. Kf3 Bb1 42. a3 Ba2 43. b4 Bxc4 44. Ke3 Kf8 45. Kd4 Bb5 46. h4 Ke7 47. Ke4 Ke6 48. g5 hxg5 49. fxg5 g6 50. Kf4 Kd5 51. Kg4 Ke4 52. h5 gxh5+ 53. Kxh5 Kf4 54. Kh6 Bd3 55. Kh5 d5 56. Kh4 Bf1 57. Kh5 d4 58. Kh4 d3 59. Kh5 d2 60. Kh6 Bd3 61. Kh5 d1Q+ 62. Kh4 Qg4# 0-1

[Event "Hannover-ch U12"]
[Site "Lehrte"]
[Date "2012.10.23"]
[Round "11"]
[White "Kibenko, Dimitrij"]
[Black "Scholz, Tom"]
[Result "1/2-1/2"]
[WhiteElo "749"]
[BlackElo "891"]
[PlyCount "98"]
[EventDate "2012.10.20"]
[EventType "swiss"]
[EventRounds "11"]
[EventCountry "GER"]
[SourceTitle "EXT 2021"]
[Source "ChessBase"]
[SourceDate "2020.10.23"]
[SourceVersion "1"]
[SourceVersionDate "2020.10.23"]
[SourceQuality "1"]

1. e4 e5 2. Nf3 Nc6 3. Bc4 Nf6 4. Ng5 d5 5. exd5 Nxd5 6. Qf3 Qxg5 7. Bxd5 Be6 8. Bxc6+ bxc6 9. Qxc6+ Ke7 10. Qxa8 Kd7 11. 0-0 Qh5 12. d3 f5 13. Qf3 Qg6 14. Nc3 c6 15. Re1 Bb4 16. a3 Bd5 17. Qg3 Bxc3 18. Qxg6 hxg6 19. bxc3 f4 20. Rxe5 Kd6 21. Bxf4 Kd7 22. h3 Rf8 23. Bg3 Rf7 24. Rb1 Rf6 25. Rb7+ Kd8 26. Bh4 Kc8 27. Bxf6 Kxb7 28. Bxg7 Kb6 29. g4 Bf3 30. Rg5 Bd1 31. Rxg6 Bxc2 32. Rd6 Bb3 33. h4 Bf7 34. h5 a6 35. h6 Bg8 36. Rd8 Bh7 37. Bd4+ Kc7 38. Rg8 Bxg8 39. g5 Bh7 40. Kg2 Kd7 41. Kf3 Bxd3 42. Kf4 Ke6 43. Kg4 Kf7 44. Kh5 Be2+ 45. Kh4 Kg6 46. f4 Bd3 47. Kg4 Be2+ 48. Kg3 Bd3 49. Kf3 Kf7 1/2-1/2

[Event "Hannover-ch U12"]
[Site "Lehrte"]
[Date "2012.10.23"]
[Round "10"]
[White "Scholz, Tom"]
[Black "Azizi, Siar"]
[Result "1-0"]
[WhiteElo "891"]
[BlackElo "803"]
[PlyCount "55"]
[EventDate "2012.10.20"]
[EventType "swiss"]
[EventRounds "11"]
[EventCountry "GER"]
[SourceTitle "EXT 2021"]
[Source "ChessBase"]
[SourceDate "2020.10.23"]
[SourceVersion "1"]
[SourceVersionDate "2020.10.23"]
[SourceQuality "1"]

1. e4 e5 2. Nf3 Nf6 3. Nxe5 d6 4. Nf3 Nxe4 5. d3 Nc5 6. Be2 Be7 7. 0-0 0-0 8. Nc3 Nc6 9. d4 Nd7 10. Qd3 Nf6 11. Bg5 Nb4 12. Qd2 Nfd5 13. Nxd5 Bxg5 14. Qxb4 Bh6 15. Ne3 g5 16. d5 g4 17. Nxg4 Bxg4 18. Qxg4+ Bg7 19. Ng5 Bf6 20. Ne6+ Kh8 21. Nxd8 Raxd8 22. Bd3 Rfe8 23. Qf5 Kg8 24. Qxf6 Kf8 25. Bxh7 Rd7 26. Rae1 Rxe1 27. Rxe1 Re7 28. Qh8# 1-0

[Event "Hannover-ch U12"]
[Site "Lehrte"]
[Date "2012.10.21"]
[Round "6"]
[White "Scholz, Tom"]
[Black "Gaedeken, Arne"]
[Result "1-0"]
[WhiteElo "891"]
[BlackElo "826"]
[PlyCount "81"]
[EventDate "2012.10.20"]
[EventType "swiss"]
[EventRounds "11"]
[EventCountry "GER"]
[SourceTitle "EXT 2021"]
[Source "ChessBase"]
[SourceDate "2020.10.23"]
[SourceVersion "1"]
[SourceVersionDate "2020.10.23"]
[SourceQuality "1"]

1. e4 e5 2. Nf3 Nf6 3. Nxe5 d6 4. Nf3 Nxe4 5. d3 Nf6 6. Be2 Bg4 7. 0-0 Nd5 8. c4 Nb6 9. Nc3 Nc6 10. Bg5 Be7 11. Bxe7 Qxe7 12. h3 Bf5 13. Re1 0-0 14. Nd2 Qg5 15. Nde4 Qg6 16. Bh5 Qh6 17. Ng3 Qg5 18. Nce4 Bxe4 19. Nxe4 Qe5 20. b3 Qd4 21. Qf3 Ne5 22. Qe3 Qxe3 23. Rxe3 d5 24. Nc5 Rab8 25. Rxe5 f6 26. Ree1 dxc4 27. dxc4 g6 28. Bf3 c6 29. a4 Rbc8 30. a5 Na8 31. Nxb7 Rc7 32. Nc5 Rfc8 33. Re6 Kf7 34. Rae1 Rd8 35. R6e3 f5 36. Ne6 Rcd7 37. Nxd8+ Rxd8 38. Bxc6 Nc7 39. Re7+ Kf8 40. Rxc7 Rd3 41. Re8# 1-0